Nosotros, los modernos (Record no. 189193)

MARC details
000 -LEADER
campo de control de longitud fija 00848nam a2200253 i 4500
001 - NÚMERO DE CONTROL
campo de control 189193
003 - IDENTIFICADOR DE NÚMERO DE CONTROL
campo de control SpMaBN
005 - FECHA Y HORA DE LA ÚLTIMA TRANSACCIÓN
campo de control 20240104134617.0
008 - DATOS DE LONGITUD FIJA--INFORMACIÓN GENERAL
campo de control de longitud fija 190423s2006 sp |||| | spa d
020 ## - NÚMERO INTERNACIONAL ESTÁNDAR DEL LIBRO
Número Internacional Estándar del Libro 84-7490-792-6
080 ## - NÚMERO DE LA CLASIFICACIÓN DECIMAL UNIVERSAL
Número de la Clasificación Decimal Universal 130.2"19"
100 1# - ENTRADA PRINCIPAL--NOMBRE DE PERSONA
Nombre de persona Finkielkraut, Alain.
9 (RLIN) 50910
245 10 - MENCIÓN DEL TÍTULO
Título Nosotros, los modernos
Resto del título : cuatro lecciones /
Mención de responsabilidad, etc. Alain Finkielkraut ; prólogo de Jon Juaristi ; [traducción, Miguel Montes].
260 ## - PUBLICACIÓN, DISTRIBUCIÓN, ETC.
Lugar de publicación, distribución, etc. Madrid :
Nombre del editor, distribuidor, etc. Encuentro,
Fecha de publicación, distribución, etc. [2006]
300 ## - DESCRIPCIÓN FÍSICA
Extensión 311 p. ;
Dimensiones 23 cm.
490 1# - MENCIÓN DE SERIE
Mención de serie Ensayos ;
Designación de volumen o secuencia 282
504 ## - NOTA DE BIBLIOGRAFÍA, ETC.
Nota de bibliografía, etc. Referencias bibliográficas.
650 ## - PUNTO DE ACCESO ADICIONAL DE MATERIA--TÉRMINO DE MATERIA
Término de materia o nombre geográfico como elemento de entrada Civilización-
Subdivisión general Filosofía.
9 (RLIN) 11081
700 1# - ENTRADA AGREGADA--NOMBRE PERSONAL
Nombre de persona Juaristi, Jon,
Fechas asociadas al nombre 1951-
9 (RLIN) 67169
830 0# - PUNTO DE ACCESO ADICIONAL DE SERIE-TÍTULO UNIFORME
Título uniforme Ensayos ;
Designación de volumen o secuencia 282
9 (RLIN) 176633
852 ## - LOCALIZACIÓN
Ubicación ES-MaACL
Número de control de estantería A-14482
itemnumber 196331
Sublocalización o colección R.152589
Ubicación en estantería Depósito 1
Signatura antigua Olim: N-7482
942 ## - ELEMENTOS DE ENTRADA SECUNDARIOS (KOHA)
Fuente del sistema de clasificación o colocación Clasificación decimal universal
Holdings
Estatus retirado Estado de pérdida Fuente del sistema de clasificación o colocación Estado de daño No para préstamo Biblioteca de origen Biblioteca actual Ubicación en estantería Fecha de adquisición Fuente de adquisición Total de préstamos Signatura topográfica completa Código de barras Visto por última vez Precio de reemplazo Tipo de ítem Koha
    Clasificación decimal universal     Biblioteca del Ateneo de Madrid Biblioteca del Ateneo de Madrid Depósito 1 23/04/2019 Compra   A-14482 1200387 23/02/2023 23/02/2023 Libro impreso